000 00333nam a2200145Ia 4500
003 OSt
005 20240319120900.0
008 170523s9999 xx 000 0 und d
020 _aNA
040 _cIIMT UNIVERSITY
100 _aGUPTA J M L
245 0 _aMATERIAL AND MATERIALS SCIENCE
260 _aBHARAT BHARTI
942 _2ddc
_c02
999 _c11958
_d11958